Museums in the 21st century : (Record no. 11734)
[ view plain ]
| 000 -LEADER | |
|---|---|
| fixed length control field | 01774cam a22003977a 4500 |
| 001 - CONTROL NUMBER | |
| control field | 15090683 |
| 003 - CONTROL NUMBER IDENTIFIER | |
| control field | EG-ScBUE |
| 005 - DATE AND TIME OF LATEST TRANSACTION | |
| control field | 20221218091556.0 |
| 008 - FIXED-LENGTH DATA ELEMENTS--GENERAL INFORMATION | |
| fixed length control field | 071123s2008 gw a f b 000 0 eng d |
| 020 ## - INTERNATIONAL STANDARD BOOK NUMBER | |
| International Standard Book Number | 9783791338408 (English trade ed. : hbk.) |
| 020 ## - INTERNATIONAL STANDARD BOOK NUMBER | |
| Cancelled/invalid ISBN | 9873791338392 (German trade ed.) |
| 020 ## - INTERNATIONAL STANDARD BOOK NUMBER | |
| International Standard Book Number | 3791338404 (hbk.) |
| 035 ## - SYSTEM CONTROL NUMBER | |
| System control number | (OCoLC)ocn222145539 |
| 040 ## - CATALOGING SOURCE | |
| Original cataloging agency | UKM |
| Language of cataloging | eng |
| Description conventions | rda |
| Transcribing agency | UKM |
| Modifying agency | BAKER |
| -- | BWX |
| -- | DLC |
| -- | EG-ScBUE |
| 082 04 - DEWEY DECIMAL CLASSIFICATION NUMBER | |
| Classification number | 727.6 |
| Edition number | 22 |
| Item number | MUS |
| 245 00 - TITLE STATEMENT | |
| Title | Museums in the 21st century : |
| Remainder of title | concepts, projects, buildings / |
| Statement of responsibility, etc | edited by Suzanne Greub and Thierry Greub, Art Centre Basel, Basel, Switzerland ; with essays by Thierry Greub [and five others], and contributions by Shozo Baba [and twenty seven] |
| 246 3# - VARYING FORM OF TITLE | |
| Title proper/short title | Museums in the twenty-first century |
| 250 ## - EDITION STATEMENT | |
| Edition statement | Second revised and expanded edition. |
| 264 #1 - PUBLICATION, DISTRIBUTION, ETC. (IMPRINT) | |
| Place of publication, distribution, etc | Munich : |
| Name of publisher, distributor, etc | Prestel, |
| Date of publication, distribution, etc | 2008. |
| 300 ## - PHYSICAL DESCRIPTION | |
| Extent | 223 pages : |
| Other physical details | illustrations (some color) ; |
| Dimensions | 31 cm |
| 336 ## - CONTENT TYPE | |
| Source | rdacontent |
| Content type term | text |
| Content type code | txt |
| 337 ## - MEDIA TYPE | |
| Source | rdamedia |
| Media type term | unmediated |
| Media type code | n |
| 338 ## - CARRIER TYPE | |
| Source | rdacarrier |
| Carrier type term | volume |
| Carrier type code | nc |
| 500 ## - GENERAL NOTE | |
| General note | Catalog of an exhibition held at K20 Kunstsammlung Nordhein-Westfalen, Dusseldorf Germany and fifteen other institutions between Apr. 1, 2006 and Aug. 21, 2011. |
| 500 ## - GENERAL NOTE | |
| General note | Previous ed.: 2006. |
| 504 ## - BIBLIOGRAPHY, ETC. NOTE | |
| Bibliography, etc | Includes bibliographical references. |
| 650 #7 - SUBJECT ADDED ENTRY--TOPICAL TERM | |
| Topical term or geographic name as entry element | Museum architecture |
| Form subdivision | Exhibitions. |
| Source of heading or term | BUEsh |
| 9 (RLIN) | 5783 |
| 650 #7 - SUBJECT ADDED ENTRY--TOPICAL TERM | |
| Topical term or geographic name as entry element | Architecture, Modern |
| Chronological subdivision | 21st century |
| Form subdivision | Exhibitions. |
| Source of heading or term | BUEsh |
| 9 (RLIN) | 5784 |
| 653 ## - INDEX TERM--UNCONTROLLED | |
| Resource For college | Engineering, Architecture |
| 655 ## - INDEX TERM--GENRE/FORM | |
| Form subdivision | Reading book |
| 700 1# - ADDED ENTRY--PERSONAL NAME | |
| Personal name | Greub, Suzanne, |
| Relator term | editor. |
| 9 (RLIN) | 5785 |
| 700 1# - ADDED ENTRY--PERSONAL NAME | |
| Personal name | Greub, Thierry, |
| Relator term | editor, |
| -- | author. |
| 9 (RLIN) | 5786 |
| 700 1# - ADDED ENTRY--PERSONAL NAME | |
| Personal name | Baba, Shozo, |
| Relator term | contributor. |
| 942 ## - ADDED ENTRY ELEMENTS (KOHA) | |
| Source of classification or shelving scheme | Dewey Decimal Classification |
| Koha item type | Book - Borrowing |
| Withdrawn status | Lost status | Source of classification or shelving scheme | Damaged status | Not for loan | Collection code | Home library | Current library | Shelving location | Date acquired | Source of acquisition | Cost, normal purchase price | Serial Enumeration / chronology | Total Checkouts | Total Renewals | Full call number | Barcode | Date last seen | Date checked out | Price effective from | Koha item type |
|---|---|---|---|---|---|---|---|---|---|---|---|---|---|---|---|---|---|---|---|---|
| Dewey Decimal Classification | Alahram | Central Library | Central Library | Second Floor | 07/06/2009 | 378.00 | 383 | 20 | 119 | 727.6 MUS | 000016163 | 15/07/2025 | 23/10/2023 | 07/06/2009 | Book - Borrowing |